00525pab a2200181 454500008004000000100002500040245010000065260000900165300001500174362000800189650001200197650001400209650001000223650002700233700002200260700001800282773004300300180718b2017 xxu||||| |||| 00| 0 eng d aBloom, Pazit Ben-Nun aDoes exposure to other cultures affect the impact of economic globalization on gender equality? c2017 ap.378-395. aJun aCulture aDemocracy aWomen aEconomic globalization aFreedman, Michael aGilad, Sharon aInternational Political Science Review